Responses for Show #6525 - Friday, January 18, 2013

Contestants

[<< previous game]

Eric Reiberg, an actor from Indianapolis, Indiana

Patrick Mooney, a high school math teacher from St. Louis, Missouri

Helen Juvonen, an actor from Toronto, Canada (whose 1-day cash winnings total $40,801)

[next game >>]

Jeopardy! Round responses

LANGUAGES & DIALECTS
FOOD
THE SILVER STATE
I DO, I DO, I DO
THE AMAZING SPIDER
"MAN"
    $200 11
Mexico

Eric
    $200 6
the potato

Eric
    $200 26
gamble

Helen
    $200 13
(Rudy) Giuliani

Eric
    $200 21
(Eric: What are arachnids?)

pirates (pirate spiders)

PatrickEric
    $200 1
manacle

Eric
    $400 12
Sanskrit

Helen
    $400 7
lychee

Triple Stumper
    $400 27
foreclosure

Eric
    $400 14
(Rush) Limbaugh

Eric
    $400 22
Australia

Eric
    $400 2
manatee

Eric
    $600 18
(Patrick: What is Hebrew?)

Yiddish

PatrickEric
    $600 8
the cat's tongue

Eric
    $600 28
Buchanan

Eric
    $600 15
Gingrich

Eric
    $600 23
a tarantula

Helen
    $600 3
the mandolin

Eric
    $800 19
Swedish

Eric
    $800 9
almonds

Eric
    $800 29
Laughlin

Triple Stumper
    $800 16
(Garrison) Keillor

Eric
    $800 24
ballooning

Eric
    $800 4
mandatory

Eric
    $1000 20
(Eric: What is Flemish?)

Walloon

Eric
Triple Stumper
    $1,600 10
(Eric: What is a flounder?)
...
(Alex: Makes sense when you think about it, right?)
(Eric: The lowest form of humor.)
[Audience laughs]

the sole

Eric
    $1000 30
Reno

Patrick
    $1000 17
(Ray) Kroc

Helen
    $1000 25
bird

Eric
    $1000 5
the mandrake

Helen

Scores at the first commercial break (after clue 15):

Helen Patrick Eric
$1,400 $0 $3,400

Scores at the end of the Jeopardy! Round:

Helen Patrick Eric
$3,200 $600 $7,600

Double Jeopardy! Round responses

HORRIFYINGLY REAL MOTHER GOOSE
WATERCRAFT
TRIPLE DOUBLE LETTERS
TO YOUR HEALTH
TV SHOWS IN SONG
DECADES BY NICKNAME
    $400 7
(Eric: Who are the three blind mice?)
...
(Alex: Yes, she's the one who cut off their tails.)

the farmer's wife

HelenEric
    $400 21
a yacht

Eric
    $400 1
the Mississippi

Helen
    $400 16
capillaries

Eric
    $400 2
the Fresh Prince

Eric
    $400 26
the '20s

Eric
    $800 8
Jack

Patrick
    $800 22
a gondola

Eric
    $800 12
(Eric: What's a doffelganger?)

the addressee

HelenEric
    $800 17
esophagitis

Eric
    $800 3
"Weird Al" Yankovic

Patrick
    $800 27
the '30s

Helen
    $1200 9
Little Bo Peep

Eric
    $1200 23
(Helen: What's a pontoon?)

a catamaran

HelenEric
    $1200 13
a bookkeeper

Helen
    $1,600 18
(Alex: That's the disease, pretty well irradicated all around the world.)

smallpox

Eric
    $1200 4
Cribs

Eric
    $1200 28
the '60s

Helen
    $1600 10
Solomon Grundy

Helen
    $1600 24
a submarine (or U-boat)

Eric
    $2,000 14
Tallahassee

Helen
    $1600 19
muscles

Eric
    $1600 5
Kiss

Helen
    $1600 29
(Eric: What are the '90s?)

the '80s

PatrickEric
    $2000 11
(Eric: Who is Little Jack Horner?)

"Sing A Song Of Sixpence"

Eric
Triple Stumper
    $2000 25
[less than a minute now]

a paddlewheel

Eric
    $2000 15
(Patrick: What is the corcobara?)

the whippoorwill

Patrick
Triple Stumper
    $2000 20
thalidomide

Eric
    $2000 6
Barry Manilow

Triple Stumper
    $2000 30
(Helen: What are the naughts?)
(Eric: What are the aughts?)

the 1890s

HelenEric
Triple Stumper

Scores at the end of the Double Jeopardy! Round:

Helen Patrick Eric
$10,000 $1,800 $16,400

[wagering suggestions for these scores]

Final Jeopardy! Round responses

MILITARY SLOGANS
(Alex: [Revealing Patrick's response] What are [*]? Starring Jack Nicholson & Tom Cruise, you are correct.)
PatrickWhat are A Few Good Men?
$1,800
HelenWhat is A Few Good Men?
$6,401
EricWhat is the Jar Heads
$3,601
A Few Good Men

Final scores:

Helen Patrick Eric
$16,401 $3,600 $12,799
2-day champion: $57,202 3rd place: $1,000 2nd place: $2,000

Game dynamics:

Coryat scores:

Helen Patrick Eric
$9,600 $1,800 $17,600
14 R
(including 1 DD),
2 W
5 R,
2 W
33 R
(including 1 DD),
8 W
(including 1 DD)

Combined Coryat: $29,000

[game clues] [game scores] [suggest correction]

Game tape date: 2012-10-16
The J! Archive is created by fans, for fans. Scraping, republication, monetization, and malicious use prohibited; this site may use cookies and collect identifying information. See terms. The Jeopardy! game show and all elements thereof, including but not limited to copyright and trademark thereto, are the property of Jeopardy Productions, Inc. and are protected under law. This website is not affiliated with, sponsored by, or operated by Jeopardy Productions, Inc. Join the discussion at JBoard.tv.